000 00933nam a2200229 i 4500
001 23135
003 ES-MaACL
005 20250928130700.0
007 t|
008 021209s1965 sp ||||1| spa d
100 1 _aAlvargonzalez, Calixto.
_921010
245 1 0 _aTermas romanas del Campo Valdés-Gijón
_b: monografía /
_cCalixto Alvargonzalez ; con la colaboración de Julio Somoza y Alejandro Alvargonzalez ; edición y nota preliminar por Joaquín A.Bonet.
260 _aGijón :
_b[s.n.],
_c1965 (
_fImp. La Industria)
300 _a124 p., 2 h. de lám. en n. y col. :
_bil. ;
_c29 cm.
650 4 _aTermas-
_zGijón.
_9169132
651 4 _aGijón-
_xRestos arqueológicos romanos.
_9169133
700 1 _aSomoza, Julio,
_d1848-1940
_9107287
700 1 _aAlvargonzalez, Alejandro.
_921009
700 1 _aAlonso Bonet, Joaquín,
_d1889-1975
_930119
852 _aES-MaACL
_jC-29011
_bR.58155
999 _c23135
_d23135